• 首页
  • 本馆介绍
  • 公告通知
  • 最新文献
  • 馆藏检索
  • 电子资源
  • 读者导购
  • 参考咨询
  • 我的图书馆
  • 登录
  • 详细信息显示
  • 放入我的书架
  • 预约/预借图书
  • 作者相关作品
  • 分类相关作品
  • 丛书相关作品
  • 出版社相关作品

书目信息

  • 表格格式
  • 工作单格式
  • 卡片格式
题名:
全图解李小龙寸劲拳
    
 
作者: 魏峰 编著
分册:  
出版信息: 北京   北京体育大学出版社  2010
页数: 153页
开本: 26cm
丛书名:
单 册:
中图分类: G852.19
科图分类:
主题词: 拳术--套路(武术)--图解 , 拳术 , 套路(武术)
电子资源:
ISBN: 978-7-81100-322-2
000 00854nam0 2200265 45
001 1130746515
005 20110310095112.95
010    @a978-7-81100-322-2@dCNY20.00
100    @a20110122e2010 em y0chiy0110 ea
101 0  @achi
102    @aCN@b110000
105    @aa z 000yy
106    @ar
200 1  @a全图解李小龙寸劲拳@AQuan Tu Jie Li Xiao Long Cun Jin Quan@f魏峰编著@FWei Feng Bian Zhu
210    @a北京@c北京体育大学出版社@d2010
215    @a153页@d26cm
330    @a寸劲拳符合至简、至猛的要求,是截拳道这种整体武术系统的一个缩影。本书内容包括:寸劲拳精义、寸劲拳训练的课前准备、寸劲拳标准训练教程。
606 0  @a拳术@x套路(武术)@j图解
606 0  @a拳术
606 0  @a套路(武术)
610 0  @a寸劲拳
690    @aG852.19@v4
701  0 @a魏峰@AWei Feng@4编著
801  0 @aCN@bTANGWEI@c20110310
905    @b0532003-06@dG852.19@e205@f4
    
    全图解李小龙寸劲拳/魏峰编著.-北京:北京体育大学出版社,2010
    153页;26cm
    
    
    ISBN 978-7-81100-322-2:CNY20.00
    寸劲拳符合至简、至猛的要求,是截拳道这种整体武术系统的一个缩影。本书内容包括:寸劲拳精义、寸劲拳训练的课前准备、寸劲拳标准训练教程。
●
相关链接 在E读中查询图书 在五车中查询图书 在当当中查询图书 在豆瓣中查询图书


正题名:全图解李小龙寸劲拳     索取号:G852.19/205         预约/预借

序号 登录号 条形码 馆藏地/架位号 状态 备注
1 0532003   205320035   第一样本阅览室/ [索取号:G852.19/205] 在馆    
2 0532004   205320044   密集书库-体育系/ [索取号:G852.19/205] 在馆    
3 0532005   205320053   第四借阅区/ [索取号:G852.19/205] 在馆    
4 0532006   205320062   第四借阅区/ [索取号:G852.19/205] 在馆    
唐山师范学院图书馆 欢迎您!
大连网信软件有限公司© 版权所有